| 000 | 01556 a2200265 4500 | ||
|---|---|---|---|
| 003 | Nust | ||
| 005 | 20230608101304.0 | ||
| 010 | _a 98070265 | ||
| 020 | _a8126500298 | ||
| 040 | _cNust | ||
| 082 | 0 | 0 | _a005.75185,MCC |
| 100 | 2 |
_aMcCullough-Dieter, Carol. _9113080 |
|
| 245 | 1 | 0 |
_aOracle8 bible / _cCarol McCullough-Dieter ; with contributions by Jatinder Prem, Ramesh Chandak, and Purshottam Chandak. |
| 260 |
_aFoster City, CA : _bIDG Books Worldwide, _cc1998. |
||
| 300 |
_axxxv, 1140 p. : _bill. ; _c24 cm. + _e1 computer laser optical disc (5 3/4 in.) |
||
| 505 | _aIntroducing Oracle8 (Page-3), Oracle8 overview (Page-25), Concepts (Page-43), Primary Tools (Page-51), Other Utilities and Tools (Page-101), Security Manager for users, Roles and Profiles (Page-123), Schema Manager For Tables (Page-147), Schema Manager for Views, Synonyms, and Sequences (Page-187), SQL Queries (Page-203), SQL for Data Manipulation (Page-225), SQL for users, Roles and Profiles (Page-235), SQL for Tables (Page-247), SQL for Views, Synonyms, and Sequences (Page-267). | ||
| 650 | 0 |
_aRelational databases. _936802 |
|
| 700 | 1 |
_aChandak, Purshottam. _9113081 |
|
| 700 | 1 |
_aChandak, Ramesh. _9113082 |
|
| 700 | 1 |
_aPrem, Jatinder. _9113083 |
|
| 856 | 4 | 1 |
_3Contributor biographical information _uhttp://www.loc.gov/catdir/enhancements/fy0706/98070265-b.html |
| 856 | 4 | 1 |
_3Publisher description _uhttp://www.loc.gov/catdir/enhancements/fy0706/98070265-d.html |
| 856 | 4 | 1 |
_3Table of contents _uhttp://www.loc.gov/catdir/toc/wiley022/98070265.html |
| 942 |
_2ddc _cBKB |
||
| 999 |
_c174955 _d174955 |
||